书目信息 |
| 题名: |
电视晶体管电路
|
|
| 作者: | ;刘友学 译 ;日本电视学会 编 | |
| 分册: | ||
| 出版信息: | 北京 国防工业出版社 1976 |
|
| 页数: | 328页 | |
| 开本: | 20cm | |
| 丛书名: | ||
| 单 册: | ||
| 中图分类: | TN72 | |
| 科图分类: | ||
| 主题词: | 电视电路 , 放大技术 , 放大器 | |
| 电子资源: | ||
| ISBN: | ||
| 000 | 00713nam0 2200253 45 | |
| 001 | 0176001262 | |
| 005 | 20061124090033.51 | |
| 010 | @dCNY1.05 | |
| 100 | @a19951014d1976 em y0chiy0121 ea | |
| 101 | 1 | @achi@cjpn |
| 102 | @aCN@b110000 | |
| 105 | @ay z 000yy | |
| 200 | 10 | @a电视晶体管电路@Adian shi jing ti guan dian lu@f日本电视学会编@Fri ben dian shi xue hui bian@g刘友学译 |
| 210 | @a北京@c国防工业出版社@d1976 | |
| 215 | @a328页@d20cm | |
| 606 | @a电视电路 | |
| 606 | 0 | @a放大技术 |
| 606 | 0 | @a放大器 |
| 690 | @aTN72@v3 | |
| 702 | 0 | @a刘友学@Aliu you xue@4译 |
| 711 | 02 | @a日本电视学会@Ari ben dian shi xue hui@4编 |
| 801 | 2 | @aCN@bNLC@c20061124 |
| 801 | 0 | @aCN@bTSSF |
| 905 | @a10447@dTN72@e13 | |
| 电视晶体管电路/日本电视学会编/刘友学译.-北京:国防工业出版社,1976 |
| 328页;20cm |
| ISBN :CNY1.05 |
| ● |
| 相关链接 |
|
|
|
|
正题名:电视晶体管电路
索取号:TN72/13
 
预约/预借
| 序号 | 登录号 | 条形码 | 馆藏地/架位号 | 状态 | 备注 |
| 1 | 0009897 | 001355072 | 第二样本阅览室/ [索取号:TN72/13] | 在馆 | |
| 2 | 0016084 | 202283411 | 密集书库/ [索取号:TN72/13] | 在馆 |